Poetický antologizmus

Bibliographic Details
Main Author: Melicher, Jozef, 1929-2008 (Author)
Format: Article
Language:Slovak
PhysicalDescription:Fot. 2.
Subjects:

MARC

LEADER 00000nab a2200000 a 4500
001 vtls000446711
003 SK-MaSNL
005 20260303220343.0
008 140422c1992 xo 0 slo
015 |a SNBRB19rr/mm-uuuuu 
035 |a CL0446842 
040 |a SNKBUCL  |b slo  |c SNKBUCL  |e AACR2 
041 0 |a slo 
044 |a xo  |c SK 
080 |a 82.09:885.4 (73)-97(081)(048)  |2 1981 
080 |a 885.4 (73)-97(081)(048)  |2 1981 
080 |a 885.4 (73)-1(081)(048)  |2 1981 
100 1 |a Melicher, Jozef,  |d 1929-2008  |4 aut  |9 105016 
245 1 0 |a Poetický antologizmus  |c Jozef Melicher 
300 |b Fot. 2. 
650 0 7 |a slovenská poézia  |2 snkbucl  |9 215422 
655 7 |a recenzie  |2 snkbucl  |9 21907 
655 7 |a články z odboru literárna veda a krásna literatúra  |2 snkbucl  |9 770045 
655 7 |a články z novín a časopisov  |2 snkbucl  |9 267496 
773 0 |t Literárny týždenník  |g Roč. 5, č. 6 (1992), s. 4 
787 0 8 |i Rec.:  |a Strmeň, Karol, 1921-1994  |t Sfinga spieva pri jasličkách  |d Bratislava : Smena, 1991 
850 |a Slovenská národná knižnica v Martine  |a MTA001 
852 |a SNK  |b KIS3GCP 
958 |a RK 
958 |a LX 
999 |c 2226749  |d 2228679